| 000 -LEADER |
| fixed length control field |
00564nam a22001937a 4500 |
| 008 - FIXED-LENGTH DATA ELEMENTS--GENERAL INFORMATION |
| fixed length control field |
151103b xxu||||| |||| 00| 0 eng d |
| 020 ## - INTERNATIONAL STANDARD BOOK NUMBER |
| International Standard Book Number |
9780495913092 |
| 020 ## - INTERNATIONAL STANDARD BOOK NUMBER |
| International Standard Book Number |
049591309X |
| 041 0# - LANGUAGE CODE |
| Language code of text/sound track or separate title |
eng |
| 080 ## - UNIVERSAL DECIMAL CLASSIFICATION NUMBER |
| Universal Decimal Classification number |
321.7 |
| 245 10 - TITLE STATEMENT |
| Title |
The challenge of democracy: |
| Statement of responsibility, etc |
Kenneth Janda; Jeffrey M. Berry; Jerry Goldman; |
| 250 ## - |
| -- |
11th. ed. |
| 260 ## - |
| -- |
USA: |
| -- |
Wadsworth, Cengage Learning; |
| -- |
2012. |
| 300 ## - |
| -- |
697 f.: |
| -- |
me il.; |
| -- |
23 cm. |
| 650 #0 - |
| -- |
Demokracia |
| 650 #0 - |
| -- |
Qeveria |
| 650 #0 - |
| -- |
Politika |
| 942 ## - ADDED ENTRY ELEMENTS (KOHA) |
| Source of classification or shelving scheme |
|
| Item type |
Books |